logo

Bir Sreshtho Munshi Abdur Rouf Library
Jhenaidah Cadet College

O General My General : (Record no. 4789)

MARC details
000 -LEADER
fixed length control field 00741nam a2200229 a 4500
001 - CONTROL NUMBER
JCCL Control Number 4789
003 - CONTROL NUMBER IDENTIFIER
JCCL marc code BD-JhCC
005 - DATE AND TIME OF LATEST TRANSACTION
control field 20190418134017.0
008 - FIXED-LENGTH DATA ELEMENTS--GENERAL INFORMATION
fixed length control field 171203s2010 bg a|||| ||a| 001 0 eng d
020 ## - INTERNATIONAL STANDARD BOOK NUMBER
International Standard Book Number 9789848886184
035 ## - SYSTEM CONTROL NUMBER
system control number (BD-JhCC) 4789
040 ## - CATALOGING SOURCE
Original cataloging agency BD-JhCC
Modifying agency BD-JhCC
041 ## - LANGUAGE CODE
Language code of Book eng
082 ## - DEWEY DECIMAL CLASSIFICATION NUMBER
Classification number 954.9205092
Author mark and Year RAJ 2010
100 ## - MAIN ENTRY--PERSONAL NAME
Personal name Raja, Dewon Mohammad Tasaor
245 ## - TITLE STATEMENT
Title O General My General :
Remainder of title Bangabir General Mohammad Ataul Ghani Osmany Commander-in-Chief Liberation War of Bangladesh 1971 /
Statement of responsibility, etc Dewon Mohammad Tasaor Raja
260 ## - PUBLICATION, DISTRIBUTION, ETC. (IMPRINT)
Place of publication, distribution, etc Dhaka :
Name of publisher, distributor, etc THE OSMANY MEMORIAL TRUST DHAKA BANGLADESH ,
Date of publication, distribution, etc 2010
300 ## - PHYSICAL DESCRIPTION
Pagination 541 P .:
Dimensions 24 CM .
650 ## - SUBJECT ADDED ENTRY--TOPICAL TERM
Topical term or geographic name as entry element Revolution 1971
Geographic subdivision Bangladesh
942 ## - ADDED ENTRY ELEMENTS (KOHA)
Source of classification or shelving scheme Dewey Decimal Classification
Koha item type Books
Koha issues (borrowed), all copies 1
Holdings
Source of classification or shelving scheme Damaged status Not for loan Home library Current library Shelving location Date of accession Total Checkouts Full call number Barcode Date last seen Date checked out Copy number Koha item type Cost, normal purchase price Method of acquisition Currency
Dewey Decimal Classification     JCC Rouf Library JCC Rouf Library General Stacks 12/03/2017 2 954.9205092 RAJ 2010 6740 05/20/2024 11/19/2023 C-1 Books      
Dewey Decimal Classification     JCC Rouf Library JCC Rouf Library General Stacks 03/05/2018 1 954.9205092 RAJ 2010 11938 04/22/2024 04/21/2024 C-2 Books 750.00    
Dewey Decimal Classification     JCC Rouf Library JCC Rouf Library General Stacks     954.9205092 RAJ 2010 19555 05/17/2024   C-3 Books 750.00 Purchase BDT

JCC Library | Contacts | JCC Home

Last Update on 23 September 2017
Copyright @ 2017-2020 JCC Rouf Library
Rouf Library, Jhenidah Cadet College (JCC), Bangladesh